Difficult funeral services. (Record no. 8727)

000 -LEADER
fixed length control field 00605nam a2200205 a 4500
001 - CONTROL NUMBER
control field :::00006505$&:&@@
003 - CONTROL NUMBER IDENTIFIER
control field OkBaRHE
005 - DATE AND TIME OF LATEST TRANSACTION
control field 20000607103331.0
008 - FIXED-LENGTH DATA ELEMENTS--GENERAL INFORMATION
fixed length control field s1985 j 000 0 eng u
020 ## - INTERNATIONAL STANDARD BOOK NUMBER
International Standard Book Number 0800712188
040 ## - CATALOGING SOURCE
Transcribing agency
100 1# - MAIN ENTRY--PERSONAL NAME
Personal name Christensen, James L.
245 10 - TITLE STATEMENT
Title Difficult funeral services.
260 ## - PUBLICATION, DISTRIBUTION, ETC. (IMPRINT)
Place of publication, distribution, etc Old Tappan, NJ., :
Name of publisher, distributor, etc Fleming H. Revell Co.
Date of publication, distribution, etc c1985
300 ## - PHYSICAL DESCRIPTION
Extent 223 p. ;
Dimensions 22 cm.
650 ## - SUBJECT ADDED ENTRY--TOPICAL TERM
Topical term or geographic name as entry element Funeral Sermons
650 ## - SUBJECT ADDED ENTRY--TOPICAL TERM
Topical term or geographic name as entry element Funeral Service
942 ## - ADDED ENTRY ELEMENTS (KOHA)
Source of classification or shelving scheme
Koha item type Books
Copies
Copy number Date acquired Full call number Date last seen Not for loan Barcode Withdrawn status Koha item type Lost status Price effective from Damaged status Source of classification or shelving scheme Shelving location Permanent Location
12010-04-14BV 199 .F8C492010-04-14 6505 Books 2010-04-14  General StacksRHEMA Bible Training College